| 000 | 00412nam a22001457a 4500 | ||
|---|---|---|---|
| 005 | 20170919123319.0 | ||
| 008 | 170919b xxu||||| |||| 00| 0 eng d | ||
| 020 | _a9698407030 | ||
| 040 | _cPK-LaUMT | ||
| 082 |
_aPKAC 303.44095491 _bSOC- |
||
| 245 | _aSocial development in Pakistan: annual review 2005-06/ | ||
| 260 |
_aKarachi: _bSocial policy and development centre, _c2006 |
||
| 300 | _a165 p. | ||
| 942 | _cBK | ||
| 999 |
_c98286 _d98286 |
||